Estudio a nivel del proyecto construcción de 695 ml de adoquinado de calle en el reparto Erick Ramírez en el municipio de Chichigalpa

La presente tesina denominada Estudio a nivel del proyecto construcción de 695 ml de adoquinado de calle en el reparto Erick Ramírez en el municipio de Chichigalpa, se abordó: Análisis de Alternativas, Estudio de Mercado, Estudio Técnico y Estudio Financiero, se presenta los distintos costos ad...

Full description

Bibliographic Details
Main Authors: Hooker, Diego Alejandro, Hernández Macareño, Juan Carlos, Araquistaín Araquistaín, Denise Michelle
Other Authors: Tutor: Ocampo Elvir, Gustavo Adolfo
Format: Tesis Section = Libro
Language:Undetermined
Spanish
Published: Managua UNI 2013
Subjects:
LEADER 01254nam a2200265Ia 4500
008 240830s9999 xx 000 0 und d
040 |a BIBLIOTECA-RUPAP T.Mon 625.8 H783 
041 |a spa 
082 |a T.Mon 625.8 H783 
100 1 |a Hooker, Diego Alejandro 
100 1 |b Hernández Macareño, Juan Carlos 
100 1 |c Araquistaín Araquistaín, Denise Michelle 
245 1 0 |a Estudio a nivel del proyecto construcción de 695 ml de adoquinado de calle en el reparto Erick Ramírez en el municipio de Chichigalpa 
260 |a Managua  |b UNI  |c 2013 
300 |a 115 p. :il. 
500 |a Contiene: anexos. 
502 |a Tesis (Ingeniero Civil)- UNI, 2013. 
520 3 |a La presente tesina denominada Estudio a nivel del proyecto construcción de 695 ml de adoquinado de calle en el reparto Erick Ramírez en el municipio de Chichigalpa, se abordó: Análisis de Alternativas, Estudio de Mercado, Estudio Técnico y Estudio Financiero, se presenta los distintos costos además de la mana de obra calificada y no calificada. 
650 7 |a PAVIMENTOS 
650 7 |b PAVIMENTOS DE HORMIGON 
650 7 |c CALLES – MANTENIMIENTO Y REPARACION 
700 1 |a Tutor:  |b Ocampo Elvir, Gustavo Adolfo 
942 |c BK  |2 ddc 
991 |a TESIS 
999 |c 18221